Missing Word: #1 Singles (1975 - 2012) Quiz Stats

 Plays Quiz Updated Dec 15, 2012

Support Sporcle.
Go Orange.
Score 0/38 Timer 03:00
0 Plays Today
Hint Missing Word % Correct
____ of the TigerEye
96.5%
Another One Bites the ____Dust
95.7%
Da Ya ____ I'm Sexy?Think
92.5%
I Will ____ Love YouAlways
92.4%
____ or WhiteBlack
92.3%
Every ____ You TakeBreath
88.8%
Love Will ____ Us TogetherKeep
87.6%
Stayin' ____Alive
87.5%
Livin' on a ____Prayer
87.3%
You Light Up My ____Life
86.7%
Livin' la ____ LocaVida
86.4%
Sweet ____ O' MineChild
85.6%
Jessie's ____Girl
84%
Can't Help ____ in LoveFalling
83.3%
Walk Like an ____Egyptian
81.4%
My ____ Will Go OnHeart
81.3%
Drop It Like It's ____Hot
77.6%
We ____ Start the FireDidn't
76.7%
____ Me MaybeCall
76.1%
Hint Missing Word % Correct
____ n' GrindBump
71.4%
____ in the DeepRolling
71.1%
I ____ a GirlKissed
63.9%
When ____ CryDoves
63.4%
____ Ya!Hey
60.3%
We ____ TogetherBelong
59%
Nothing ____ 2 UCompares
56.1%
Love the Way You ____Lie
55.6%
Boom Boom ____Pow
55.6%
____ Don't LieHips
53.9%
____ for NothingMoney
50.6%
Because You ____ MeLoved
47.3%
____ in the Wind 1997Candle
46.8%
_____, 1963 (Oh, What a Night)December
46.4%
____ YourselfLose
43.4%
____ That (Soulja Boy)Crank
39.4%
____ MariaMaria
26.3%
How You ____ MeRemind
23.9%
One ____ DaySweet
19%

Today's Daily Dose

Missing Word
'80s Musicals

Word Ladder
Hereditary

Get the Picture
Food Names

From the Vault

Famous Nines

by Schwagirl

This quiz is loaded to the nines.
Remove Ads.
Support Sporcle.
Get the best of Sporcle when you Go Orange. This ad-free experience offers more features, more stats, and more fun while also helping to support Sporcle. Thank you for becoming a member.

Show Comments

Extras

Top Quizzes Today


Score Distribution

Your Account Isn't Verified!

In order to create a playlist on Sporcle, you need to verify the email address you used during registration. Go to your Sporcle Settings to finish the process.

Report this User

Report this user for behavior that violates our Community Guidelines.

Details: